header

OpenGL development cookbook (Record no. 37180)

MARC details
000 -LEADER
fixed length control field 01265nam a2200301 a 4500
100 1# - MAIN ENTRY--AUTHOR NAME
Personal name Movania, Muhammad Mobeen.
245 10 - TITLE STATEMENT
Title OpenGL development cookbook
260 ## - PUBLICATION, DISTRIBUTION, ETC. (IMPRINT)
Place of publication Birmingham :
Name of publisher Packt Pub.,
Year of publication 2013.
300 ## - PHYSICAL DESCRIPTION
Number of Pages iii, 311 p. :
Other physical details ill. (some col.)
500 ## - GENERAL NOTE
General note "Quick answers to common problems"--Cover.
650 #0 - SUBJECT ADDED ENTRY--TOPICAL TERM
Topical Term Computer graphics.
856 40 - ELECTRONIC LOCATION AND ACCESS
Uniform Resource Identifier http://site.ebrary.com/lib/rucke/Doc?id=10728405

No items available.

© 2026 Rongo University
Contact us: librarian | system librarian | Rongo university